Jorge González Bastías: el poeta de las tierras pobres
Guardado en:
| Autor principal: | |
|---|---|
| Formato: | Libro |
| Lenguaje: | español |
| Publicado: |
Santiago
Universidad de Chile
1970
|
| Materias: | |
| Etiquetas: |
Agregar Etiqueta
Sin Etiquetas, Sea el primero en etiquetar este registro!
|
MARC
| LEADER | 00000nam a2200000 a 4500 | ||
|---|---|---|---|
| 001 | UCZ4904 | ||
| 003 | CL-VaPUC | ||
| 008 | 951115e19700000CL |||||||||||||||||spa|d | ||
| 082 | 0 | 4 | |a Ch861.09 |b COR |2 21 |
| 100 | 0 | |a Correa, Carlos René |e author |9 348860 | |
| 245 | 1 | 0 | |a Jorge González Bastías: el poeta de las tierras pobres |
| 300 | |a 63 p | ||
| 942 | |c BK | ||
| 945 | |d 19951115 00:00:00 |a rleighto | ||
| 260 | |a Santiago |b Universidad de Chile |c 1970 | ||
| 600 | 0 | 7 | |a GONZALEZ BASTIAS, JORGE |2 CL-VaPUC |9 348861 |
| 650 | 0 | |a Poesías chilenas |9 265280 | |
| 650 | 0 | |a Crítica e interpretación |9 255042 | |
| 650 | 0 | |a Poesía chilena |9 268403 | |
| 583 | |a last modification |c 19951115 00:00:00 |k Rodrigo Vera | ||
| 999 | |c 241247 |d 241245 | ||
| 952 | |0 0 |1 0 |4 0 |6 CH_861_090000000000000_COR_1970 |7 0 |8 A |9 253531 |a BIBEDU |b BIBEDU |d 2019-11-19 |i 3148033 |o Ch861.09 COR 1970 |p 3148033 |r 2019-11-19 |w 2019-11-19 |y BK |k LIT | ||